| 000 | 00686nam a2200217 i 4500 | ||
|---|---|---|---|
| 001 | 87899 | ||
| 003 | ES-MaACL | ||
| 005 | 20250629062819.0 | ||
| 007 | t| | ||
| 008 | 041228s1923 fr ||||1| fre d | ||
| 100 | 1 |
_aLacour-Gayet, Georges. _969400 |
|
| 245 | 1 | 2 |
_aL'education politique de Louis XIV / _cG. Lacour-Gayet. |
| 250 | _a2e édition revue. | ||
| 260 |
_aParis : _bHachette, _c1923 ( _eCoulommiers : _fImp. Paul Brodard) |
||
| 300 |
_a358 p. ; _c19 cm. |
||
| 490 | 1 | _aBibliothèque d'histoire | |
| 600 | 0 | 4 |
_aLuis _bXIV, _cRey de Francia _974697 |
| 830 | 0 |
_aBibliothèque d'histoire _9231807 |
|
| 852 |
_aES-MaACL _jF-5305 _bR.4743 |
||
| 999 |
_c87899 _d87899 |
||